Personnages de Merlin l'Enchanteur en images - Disney - Statistiques

Statistiques générales
  • Ce quiz a été pris 27 fois
  • Le résultat moyen est 4 sur 8
Statistiques - réponses
Par images Réponse % Correct
Merlin l'Enchanteur
100%
Arthur Pendragon
96%
Archimède
85%
Madame Mim
74%
Kay
37%
Seigneur Hector
22%
Seigneur Bart
19%
Seigneur Pélinore
4%
Aucun quiz correspondant
Distribution des résultats
% des personnes avec chaque résultat
Percentile par nombre de réponses
Votre historique - résultats
Vous n’avez pas pris ce quiz